[Event "Gran Canaria U1900 op"]
[Site "Gran Canaria"]
[Date "2022.12.28"]
[Round "2"]
[White "Camino Carrio, Nicanor"]
[Black "Basualdo de Ornelas, Jorge"]
[Result "1-0"]
[WhiteElo "1892"]
[BlackElo "1599"]
[PlyCount "89"]
[EventDate "2022.12.27"]
[EventType "swiss"]
[EventRounds "7"]
[EventCountry "ESP"]
[SourceTitle "CBM 212 Extra"]
[Source "ChessBase"]
[SourceDate "2023.03.31"]
[SourceVersion "1"]
[SourceVersionDate "2023.03.31"]
[SourceQuality "1"]

1. e4 e5 2. Nf3 Nc6 3. Bb5 a6 4. Ba4 Nf6 5. 0-0 Nxe4 6. d4 b5 7. Bb3 d5 8. dxe5 Be6 9. Qe2 Bc5 10. Be3 0-0 11. Rd1 Na5 12. Nbd2 Bxe3 13. Qxe3 Nxd2 14. Rxd2 c6 15. Nd4 Qe8 16. Qc3 Nc4 17. Bxc4 bxc4 18. Qa3 Bd7 19. Re1 Qc8 20. Qc5 Re8 21. c3 a5 22. a4 Ra6 23. f4 Bf5 24. Nxf5 Qxf5 25. Rf2 h5 26. h3 h4 27. Kh2 Re6 28. Ree2 Ra8 29. Rf3 g6 30. Qf2 Kg7 31. Qxh4 c5 32. Qe1 Rh8 33. Kg1 Qh5 34. Qf2 Qh6 35. Qxc5 Rb8 36. Qxd5 Reb6 37. Rff2 Qh5 38. Kh2 Qh4 39. f5 Rb5 40. axb5 a4 41. fxg6 Rb7 42. Qxb7 Qg3+ 43. Kxg3 a3 44. Qxf7+ Kh8 45. Qh7# 1-0

[Event "Gran Canaria U1900 op"]
[Site "Gran Canaria"]
[Date "2022.12.27"]
[Round "1"]
[White "Basualdo de Ornelas, Jorge"]
[Black "Jimenez Castro, Jose Daniel"]
[Result "1-0"]
[WhiteElo "1599"]
[BlackElo "1231"]
[PlyCount "69"]
[EventDate "2022.12.27"]
[EventType "swiss"]
[EventRounds "7"]
[EventCountry "ESP"]
[SourceTitle "CBM 212 Extra"]
[Source "ChessBase"]
[SourceDate "2023.03.31"]
[SourceVersion "1"]
[SourceVersionDate "2023.03.31"]
[SourceQuality "1"]

1. d4 d5 2. Bf4 Nf6 3. e3 Bf5 4. c4 e6 5. Qb3 b6 6. Nc3 Be7 7. cxd5 exd5 8. Bb5+ Nbd7 9. Nxd5 Nxd5 10. Qxd5 Be6 11. Bxd7+ Bxd7 12. Ne2 0-0 13. 0-0 c5 14. Rac1 Rc8 15. a3 Re8 16. Rc3 a5 17. Rfc1 Bf6 18. h3 Qe7 19. Bd6 Qe6 20. Nf4 Qf5 21. Qxf5 Bxf5 22. Nd5 Re6 23. Nxf6+ Rxf6 24. dxc5 bxc5 25. Bxc5 Rfc6 26. b4 a4 27. b5 Rg6 28. Kh2 h5 29. Bd4 Rb8 30. b6 Be4 31. Rc8+ Rxc8 32. Rxc8+ Kh7 33. f3 Bf5 34. Rc5 Bxh3 35. Rxh5+ 1-0